Ciudades de Italia - ¡Muerte Súbita! - Estadísticas

Estadísticas generales
  • Esta prueba ha sido intentada 147 veces
  • La puntuación promedio es 18 de 24
Answers on the Grid
Answers color-coded by a green-red scale on the quiz's grid according to % correct below.
Amalfi
Bari
Barranquilla
Bolonia
Cagliari
Cincinnati
Curitiba
Florencia
Génova
La Meca
Manila
Mesina
Milán
Módena
Nápoles
Odesa
Padua
Palermo
Parma
Perugia
Pisa
Ravenna
Riga
Roma
Salerno
Sausalito
Siena
Siracusa
Sochi
Trento
Trípoli
Turín
Valencia
Venecia
Verona
 
Estadísticas de respuestas
Respuesta % Correcto
Bolonia
91%
Génova
88%
Milán
88%
Pisa
88%
Roma
88%
Florencia
87%
Nápoles
87%
Cagliari
85%
Venecia
85%
Palermo
84%
Turín
83%
Parma
82%
Verona
82%
Salerno
74%
Perugia
69%
Trento
69%
Bari
68%
Módena
67%
Siena
63%
Padua
61%
Ravenna
61%
Amalfi
59%
Mesina
54%
Siracusa
52%
No se encontraron pruebas coincidentes
Distribución de puntuación
Porcentaje de gente con cada puntuación
Porcentaje por número respondido
Historial de tus puntuaciones
No has intentado esta prueba.